| 000 | 00420nam a2200169Ia 4500 | ||
|---|---|---|---|
| 003 | OSt | ||
| 005 | 20230412103448.0 | ||
| 008 | 221221s9999 xx 000 0 und d | ||
| 020 | _a0-536-97113-7 | ||
| 040 | _cChuka University Library | ||
| 050 |
_aPE 1408 _b.T75 2005 |
||
| 100 |
_aTRIMBUR,JOHN _92617 |
||
| 245 | 4 | _aTHE CALL TO WRITE | |
| 260 |
_aNEW YORK _bPEARSON _c2005 |
||
| 650 |
_aWRITING _99581 |
||
| 942 |
_cBK _2lcc |
||
| 999 |
_c3513 _d3513 |
||